[Event "SR 3. liga A2 2015/2016"]
[Site "?"]
[Date "2015.11.15"]
[Round "3.5"]
[White "Zlamal, Marek"]
[Black "Lauko, Tomas"]
[Result "1-0"]
[WhiteElo "1691"]
[BlackElo "1674"]
[PlyCount "134"]
[EventDate "2016.??.??"]

1. d4 d5 2. Nf3 Nf6 3. e3 Bf5 4. c4 c6 5. Nc3 e6 6. Be2 Nbd7 7. Nh4 Ne4 8. Nxf5
Nxc3 9. bxc3 exf5 10. cxd5 cxd5 11. Qb3 Qc7 12. Bd2 Nb6 13. Bb5+ Ke7 14. Rb1
Kf6 15. O-O g5 16. f4 g4 17. a4 Rb8 18. Bd3 Nc4 19. Be1 Nxe3 20. Bh4+ Kg6 21.
Rfe1 Nc4 22. Bxf5+ Kh5 23. Bxg4+ Kh6 24. Bg5+ Kg7 25. Qc2 Rg8 26. Qf5 Kh8 27.
Bf6+ Bg7 28. Re7 Qd6 29. Bxg7+ Rxg7 30. Rbe1 Qg6 31. Re8+ Rg8 32. Rxb8 Rxb8 33.
Qxg6 hxg6 34. Re7 f5 35. Bf3 Nb6 36. a5 Nc4 37. Bxd5 Nxa5 38. Rc7 a6 39. Bf7
Kg7 40. Be6+ Kf8 41. d5 Rd8 42. Kf2 Rd6 43. c4 Rb6 44. c5 Rb2+ 45. Kg3 Re2 46.
Kh3 Nb3 47. Rxb7 Nxc5 48. Rb6 Nxe6 49. dxe6 a5 50. Ra6 Ra2 51. Ra7 Rf2 52. g3
Re2 53. Rxa5 Rxe6 54. Kh4 Kg7 55. Kg5 Re2 56. Ra7+ Kf8 57. Kf6 Ke8 58. Kxg6
Rxh2 59. Kxf5 Rh5+ 60. Kg6 Rh3 61. g4 Kf8 62. f5 Rc3 63. f6 Rc8 64. Rh7 Kg8 65.
f7+ Kf8 66. Rh8+ Ke7 67. Rxc8 Ke6 1-0

[Event "SR 3. liga A2 2015/2016"]
[Site "?"]
[Date "2015.11.15"]
[Round "3.6"]
[White "Sturdik, Igor"]
[Black "Takacs, Laszlo"]
[Result "0-1"]
[WhiteElo "1985"]
[BlackElo "2153"]
[PlyCount "62"]
[EventDate "2016.??.??"]

1. e4 c5 2. Nf3 d6 3. d4 cxd4 4. Nxd4 Nf6 5. Nc3 a6 6. Bg5 e6 7. f4 Be7 8. Qf3
h6 9. Bh4 Nbd7 10. O-O-O Qc7 11. Bd3 g5 12. fxg5 Ne5 13. Qe2 Nfg4 14. Nf3 hxg5
15. Bg3 Nxf3 16. gxf3 Ne5 17. f4 gxf4 18. Bxf4 b5 19. Qf2 Bb7 20. Kb1 Rh7 21.
Rhg1 O-O-O 22. a3 Kb8 23. Qg3 Rdh8 24. Bxb5 Rh3 25. Qg7 Ng6 26. Bg3 R3h7 27.
Qd4 e5 28. Qe3 axb5 29. Nxb5 Qc5 30. Qb3 Rc8 31. Rd3 Qxg1+ 0-1

[Event "SR 3. liga A2 2015/2016"]
[Site "?"]
[Date "2015.11.15"]
[Round "3.6"]
[White "Blaho, Stefan"]
[Black "Kolenak, Matus"]
[Result "1/2-1/2"]
[WhiteElo "2019"]
[BlackElo "2002"]
[PlyCount "38"]
[EventDate "2016.??.??"]

1. d4 d5 2. c4 c6 3. Nf3 Nf6 4. Nc3 e6 5. Qb3 Nbd7 6. Bf4 Qb6 7. c5 Qa5 8. e3
b6 9. Bc7 Ba6 10. Qa4 Qxa4 11. Nxa4 Bxf1 12. Kxf1 bxc5 13. dxc5 Nxc5 14. Nxc5
Bxc5 15. Rc1 Bb6 16. Bxb6 axb6 17. Rxc6 O-O 18. Ke2 Rxa2 19. Rxb6 Nd7 1/2-1/2

[Event "SR 3. liga A2 2015/2016"]
[Site "?"]
[Date "2015.11.15"]
[Round "3.6"]
[White "Bukovsky, Milan"]
[Black "Rachela, Jozef"]
[Result "1-0"]
[WhiteElo "1964"]
[BlackElo "2037"]
[PlyCount "99"]
[EventDate "2016.??.??"]

1. d4 Nf6 2. c4 g6 3. Nc3 Bg7 4. e4 d6 5. Be2 O-O 6. Bg5 c5 7. d5 h6 8. Bf4
Nbd7 9. Nf3 Qb6 10. Qd2 g5 11. Bg3 Nh5 12. O-O Nxg3 13. hxg3 Ne5 14. Nxe5 Bxe5
15. f4 Bd4+ 16. Kh1 f6 17. Nb5 e5 18. dxe6 Bxe6 19. Nxd4 cxd4 20. Rad1 Rac8 21.
Qxd4 Qxd4 22. Rxd4 Rc6 23. Rfd1 Rd8 24. b3 Kf8 25. e5 fxe5 26. fxe5 Ke7 27. Bf3
Ra6 28. Bxb7 Rb6 29. Be4 Rd7 30. exd6+ Rbxd6 31. Rxd6 Rxd6 32. Rxd6 Kxd6 33.
Kg1 Kc5 34. Kf2 Kd4 35. Bd5 Bf5 36. Ke2 Bb1 37. Kd2 Bf5 38. Kc1 h5 39. Kb2 h4
40. gxh4 gxh4 41. b4 h3 42. gxh3 Bxh3 43. Kb3 Bc8 44. Ka4 Ba6 45. Ka5 Bc8 46.
Kb5 Kc3 47. Kc5 Bf5 48. b5 Bb1 49. a4 Kb3 50. a5 1-0

[Event "SR 3. liga A2 2015/2016"]
[Site "?"]
[Date "2015.11.15"]
[Round "3.6"]
[White "Merva, Frantisek"]
[Black "Doucha, Ludvik"]
[Result "1-0"]
[WhiteElo "2045"]
[BlackElo "1967"]
[PlyCount "97"]
[EventDate "2016.??.??"]

1. d4 Nf6 2. Nf3 g6 3. Bf4 Bg7 4. e3 O-O 5. Bc4 d6 6. c3 Nh5 7. Bg5 h6 8. Bh4
Qe8 9. Nbd2 e5 10. O-O Kh7 11. Ne1 f5 12. dxe5 dxe5 13. f3 Nc6 14. Qc2 Be6 15.
Rd1 a6 16. Bxe6 Qxe6 17. Qb3 Qxb3 18. Nxb3 Rf7 19. Nc2 b6 20. Rd2 g5 21. Bg3
Rd8 22. Rfd1 Rxd2 23. Rxd2 a5 24. a4 Bf8 25. Bf2 Nf6 26. Bg3 Rd7 27. Rxd7+ Nxd7
28. Kf1 Bd6 29. Ke2 Kg6 30. e4 f4 31. Bf2 h5 32. Kd3 Nd8 33. Kc4 c6 34. Nd2 Kf6
35. b4 Ke6 36. Nb3 Nb7 37. Ne1 g4 38. Nd3 Be7 39. bxa5 bxa5 40. Ndc5+ Bxc5 41.
Bxc5 Nd6+ 42. Bxd6 Nb6+ 43. Kc5 Nxa4+ 44. Kxc6 Nxc3 45. Nxa5 Nd1 46. Nc4 Ne3
47. Nxe3 fxe3 48. Bb4 gxf3 49. gxf3 1-0

[Event "SR 3. liga A2 2015/2016"]
[Site "?"]
[Date "2015.11.15"]
[Round "3.6"]
[White "Mosny, Jaroslav"]
[Black "Kalmar, Tamas"]
[Result "1/2-1/2"]
[WhiteElo "1972"]
[BlackElo "2025"]
[PlyCount "118"]
[EventDate "2016.??.??"]

1. d4 d5 2. Nf3 Nf6 3. e3 c6 4. Bd3 Bg4 5. Nbd2 e6 6. c3 Nbd7 7. Qc2 Bd6 8. e4
dxe4 9. Nxe4 Nxe4 10. Bxe4 Nf6 11. Ne5 Nxe4 12. Qxe4 Bf5 13. Qf3 Qc7 14. Nc4
Be7 15. Bf4 Qd8 16. O-O O-O 17. Rfe1 Bg6 18. Rad1 Qd5 19. Qxd5 cxd5 20. Ne5
Rfc8 21. Rc1 Bf6 22. Nd7 Be7 23. Ne5 Bd8 24. Kf1 Bf5 25. Ke2 Bc7 26. Kd2 h6 27.
Re3 Bxe5 28. Bxe5 Kf8 29. h3 f6 30. Bh2 h5 31. Rg1 Rc6 32. g4 hxg4 33. hxg4 Be4
34. g5 Rb6 35. b3 fxg5 36. Rxg5 Kf7 37. Be5 Rg8 38. Reg3 Bf5 39. Rxg7+ Rxg7 40.
Rxg7+ Ke8 41. Kc1 a6 42. Kb2 Bd3 43. a4 Bc4 44. b4 Bd3 45. a5 Rb5 46. Bc7 Kf8
47. Rg3 Bf5 48. Kc1 Kf7 49. Kd2 e5 50. Bxe5 b6 51. axb6 Rxb6 52. Rg7+ Ke6 53.
Ra7 Rc6 54. Ra8 Bg6 55. Rf8 Bb1 56. f4 Ke7 57. Rh8 Be4 58. Rh5 Ke6 59. Rh6+ Kd7
1/2-1/2

[Event "SR 3. liga A2 2015/2016"]
[Site "?"]
[Date "2015.11.15"]
[Round "3.6"]
[White "Matis, Tibor ml"]
[Black "Bahna, Jan"]
[Result "1-0"]
[WhiteElo "1717"]
[BlackElo "1911"]
[PlyCount "79"]
[EventDate "2016.??.??"]

1. e4 e5 2. Nf3 Nc6 3. d4 f6 4. c3 d6 5. b4 a6 6. Bc4 b5 7. Bb3 Nge7 8. O-O Bg4
9. Be3 exd4 10. Bxd4 Nxd4 11. cxd4 Nc6 12. Bd5 Bd7 13. Qc1 Nxb4 14. Bxa8 Qxa8
15. a3 Nc6 16. Nbd2 Be7 17. d5 Nd8 18. Qxc7 Nf7 19. Rac1 Bd8 20. Qc3 Ke7 21.
Nd4 Bb6 22. N2b3 Ne5 23. Nd2 Rc8 24. Qe3 Rxc1 25. Rxc1 Qa7 26. N2b3 Nc4 27. Qc3
Nxa3 28. Kf1 Nc4 29. Re1 a5 30. Nf5+ Kf8 31. g4 a4 32. Nbd4 Ba5 33. Qh3 h6 34.
Rc1 a3 35. Rxc4 bxc4 36. Qxa3 Qc5 37. Qxc5 dxc5 38. Nc6 Bd2 39. Ke2 c3 40. Kd3
{time} 1-0

[Event "SR 3. liga A2 2015/2016"]
[Site "?"]
[Date "2015.11.15"]
[Round "3.6"]
[White "Krist, Milan"]
[Black "Bugar, Peter"]
[Result "0-1"]
[WhiteElo "1858"]
[BlackElo "1672"]
[PlyCount "114"]
[EventDate "2016.??.??"]

1. d4 Nf6 2. c4 c5 3. d5 e6 4. Nc3 exd5 5. cxd5 d6 6. Bg5 g6 7. Nf3 Bg7 8. e3
O-O 9. Bd3 a6 10. a4 b6 11. O-O Nbd7 12. Re1 Bb7 13. e4 Re8 14. Rc1 Qc7 15. Nd2
Ne5 16. Bb1 Bc8 17. f3 Rb8 18. Qe2 b5 19. f4 Ned7 20. Nf3 b4 21. Nd1 Nxd5 22.
Qd2 N5f6 23. Bxf6 Nxf6 24. e5 dxe5 25. Rxe5 Rxe5 26. Nxe5 Nd7 27. Nc4 Qc6 28.
b3 Bd4+ 29. Kh1 Qf6 30. Be4 Bb7 31. Bxb7 Rxb7 32. Nf2 Rb8 33. Ne4 Qe6 34. Ned6
Nb6 35. Rf1 Nxc4 36. Nxc4 Re8 37. h3 Qe2 38. Qd1 Qxd1 39. Rxd1 Re2 40. Kh2 Kg7
41. Na5 h5 42. Nc6 Re4 43. g3 f5 44. Nb8 Re6 45. Nd7 Rd6 46. Nb8 Rb6 47. Nd7
Rb7 48. Ne5 Bxe5 49. fxe5 Kf7 50. Rd6 c4 51. bxc4 b3 52. Rd1 Ke6 53. Kg2 b2 54.
Rb1 Kxe5 55. c5 Kd5 56. Kf3 Kxc5 57. Kf4 Kc4 0-1

[Event "SR 3. liga A2 2015/2016"]
[Site "?"]
[Date "2015.11.22"]
[Round "1.5"]
[White "Merva, Frantisek"]
[Black "Jablonicky, Frantisek"]
[Result "0-1"]
[WhiteElo "2045"]
[BlackElo "2128"]
[PlyCount "66"]
[EventDate "2016.??.??"]

1. d4 f5 2. e4 fxe4 3. Nc3 Nf6 4. Bg5 c6 5. f3 d5 6. fxe4 Nxe4 7. Nxe4 dxe4 8.
Bc4 Nd7 9. Qh5+ g6 10. Qe2 Nf6 11. Bxf6 exf6 12. O-O-O f5 13. Nf3 Qe7 14. Rhe1
Bh6+ 15. Kb1 Be6 16. Ne5 O-O-O 17. Qf2 Bg7 18. Bxe6+ Qxe6 19. Nf3 Qd5 20. Ng5
h6 21. c4 Bxd4 22. Qc2 Qg8 23. Nxe4 fxe4 24. Rxe4 Bb6 25. Rde1 Qg7 26. g4 Rhe8
27. a3 Qd7 28. Ka1 Bc7 29. Qg2 Rxe4 30. Qxe4 g5 31. h3 Bg3 32. Re2 Kb8 33. Qg6
Qd1+ 0-1

[Event "SR 3. liga A2 2015/2016"]
[Site "?"]
[Date "2015.11.22"]
[Round "1.5"]
[White "Slobodnik, Michal"]
[Black "Feher, Tibor"]
[Result "1-0"]
[WhiteElo "1986"]
[BlackElo "1816"]
[PlyCount "47"]
[EventDate "2016.??.??"]

1. d4 d5 2. e4 dxe4 3. Nc3 Nf6 4. Bg5 Bg4 5. Be2 Bxe2 6. Qxe2 e6 7. O-O-O c6 8.
Nxe4 Be7 9. Bxf6 Bxf6 10. Nf3 O-O 11. g4 g6 12. h4 Bg7 13. h5 Re8 14. hxg6 fxg6
15. Ne5 Qe7 16. f4 Nd7 17. g5 Rad8 18. Qh2 Bxe5 19. dxe5 Rf8 20. Rd6 Qf7 21.
Kb1 Qg7 22. Rhd1 Qe7 23. Qd2 Kf7 24. Rxd7 1-0

[Event "SR 3. liga A2 2015/2016"]
[Site "?"]
[Date "2015.11.22"]
[Round "1.5"]
[White "Kahancova, Jana"]
[Black "Horecky, Peter"]
[Result "0-1"]
[WhiteElo "1642"]
[BlackElo "2026"]
[PlyCount "44"]
[EventDate "2016.??.??"]

1. d4 g6 2. Nf3 Bg7 3. Bf4 d6 4. e3 c5 5. c3 cxd4 6. exd4 Nf6 7. Bd3 O-O 8.
Nbd2 Nc6 9. O-O e5 10. Be3 Ng4 11. h3 Nxe3 12. fxe3 f5 13. Bc4+ Kh8 14. Qe2 Qe7
15. Rae1 Bd7 16. b4 Rac8 17. d5 e4 18. Nd4 Ne5 19. Rc1 Nxc4 20. Nxc4 Bxd4 21.
exd4 Bb5 22. Rf4 Bxc4 0-1

[Event "SR 3. liga A2 2015/2016"]
[Site "?"]
[Date "2015.11.22"]
[Round "1.5"]
[White "Zigo, Rastislav"]
[Black "Matis, Tibor ml"]
[Result "1-0"]
[WhiteElo "1999"]
[BlackElo "1717"]
[PlyCount "97"]
[EventDate "2016.??.??"]

1. e4 c5 2. Nc3 e6 3. g3 d5 4. exd5 exd5 5. d4 Be6 6. Nge2 Nc6 7. Bg2 cxd4 8.
Nxd4 Bc5 9. Nxe6 fxe6 10. O-O Nf6 11. Na4 Bd6 12. Re1 Qe7 13. Bg5 Nb4 14. a3
Na6 15. Bxd5 Nc7 16. Bxb7 Rb8 17. Bc6+ Kf7 18. Bxf6 gxf6 19. Qh5+ Kg7 20. b4
Qf7 21. Qxf7+ Kxf7 22. Rad1 Rbd8 23. c4 Ke7 24. c5 Be5 25. f4 Bd4+ 26. Kf1 Ne8
27. Bxe8 Rhxe8 28. c6 e5 29. Rc1 Kd6 30. Red1 Kc7 31. Rc4 Rc8 32. b5 Red8 33.
Nc5 Bxc5 34. Rxd8 Rxd8 35. Rxc5 Kb6 36. c7 Rc8 37. Rc6+ Kxb5 38. Rxf6 exf4 39.
Rxf4 Rxc7 40. a4+ Ka5 41. h4 Rg7 42. Kf2 Rb7 43. g4 Rg7 44. Kf3 Re7 45. g5 Kb6
46. h5 Kc5 47. Kg4 Kd6 48. g6 Ke5 49. Rf7 1-0

[Event "SR 3. liga A2 2015/2016"]
[Site "?"]
[Date "2015.11.22"]
[Round "1.5"]
[White "Bugar, Peter"]
[Black "Lukacovic, Miroslav"]
[Result "0-1"]
[WhiteElo "1672"]
[BlackElo "1993"]
[PlyCount "32"]
[EventDate "2016.??.??"]

1. d4 d5 2. c4 e5 3. dxe5 d4 4. e3 Bb4+ 5. Bd2 dxe3 6. Qa4+ Nc6 7. Bxb4 exf2+
8. Kxf2 Qh4+ 9. Ke3 Qd4+ 10. Kf3 Bg4+ 11. Kg3 Nh6 12. Bd3 Qxd3+ 13. Nf3 Bxf3
14. gxf3 Nf5+ 15. Kf2 Qe3+ 16. Kg2 Qe2+ 0-1

[Event "SR 3. liga A2 2015/2016"]
[Site "?"]
[Date "2015.11.22"]
[Round "1.5"]
[White "Cmarada, Juraj"]
[Black "Kahanec, Jan"]
[Result "1-0"]
[WhiteElo "1678"]
[BlackElo "1648"]
[PlyCount "67"]
[EventDate "2016.??.??"]

1. e4 e5 2. Nf3 Nc6 3. Bb5 d6 4. d4 exd4 5. Nxd4 Bd7 6. Nc3 Nf6 7. O-O Nxd4 8.
Qxd4 Be7 9. h3 O-O 10. Be2 a6 11. Be3 Qc8 12. Kh2 c5 13. Qd2 Bc6 14. Nd5 Bd8
15. f3 Qe6 16. c4 Re8 17. Rad1 Bxd5 18. cxd5 Qd7 19. g4 Qe7 20. Bf4 Bc7 21. Bg3
Rad8 22. a4 h6 23. Bd3 Qd7 24. Bc2 b5 25. b3 b4 26. Qd3 Ra8 27. Rfe1 Qe7 28. f4
a5 29. e5 dxe5 30. fxe5 Bxe5 31. Bxe5 Nxg4+ 32. hxg4 Qh4+ 33. Kg2 Qxg4+ 34. Qg3
1-0

[Event "SR 3. liga A2 2015/2016"]
[Site "?"]
[Date "2015.11.22"]
[Round "1.5"]
[White "Gogora, Kristian"]
[Black "Cvirik, Vladimir"]
[Result "0-1"]
[WhiteElo "1584"]
[BlackElo "1865"]
[PlyCount "58"]
[EventDate "2016.??.??"]

1. d4 d5 2. c4 e6 3. Nc3 b6 4. Bf4 Bd6 5. Bxd6 Qxd6 6. cxd5 exd5 7. e3 c6 8.
Be2 Nf6 9. Nf3 Bf5 10. O-O O-O 11. Rc1 Nbd7 12. a3 a5 13. Qd2 Rfe8 14. Bd1 h6
15. Re1 Ne4 16. Qc2 Rac8 17. Qa4 Ndf6 18. Ne2 Ng4 19. Ng3 Bd7 20. Nxe4 dxe4 21.
Ne5 Nxe5 22. dxe5 Rxe5 23. Qb3 c5 24. Rc2 b5 25. Be2 c4 26. Qc3 b4 27. axb4
axb4 28. Qd4 Rd5 29. Qxe4 Bf5 0-1

[Event "SR 3. liga A2 2015/2016"]
[Site "?"]
[Date "2015.11.29"]
[Round "4.1"]
[White "Skreno, Vladimir"]
[Black "Takacs, Laszlo"]
[Result "0-1"]
[WhiteElo "2258"]
[BlackElo "2153"]
[PlyCount "112"]
[EventDate "2016.??.??"]

1. d4 Nf6 2. Nf3 g6 3. c4 Bg7 4. Nc3 d5 5. e3 O-O 6. b4 c6 7. cxd5 cxd5 8. Qb3
Bf5 9. Bb2 Nc6 10. a3 e6 11. Be2 Bg4 12. Rc1 Rc8 13. Na4 Qe7 14. Nc5 Nb8 15.
Qa4 b6 16. Nd3 Rxc1+ 17. Nxc1 Ne4 18. O-O Bxf3 19. gxf3 Nd6 20. Na2 f5 21. f4
g5 22. fxg5 Qxg5+ 23. Kh1 a6 24. f4 Qh4 25. Bc3 b5 26. Qb3 Nd7 27. Be1 Qe7 28.
Nc1 Nc4 29. Rf3 Nf6 30. Nd3 Ne4 31. Rh3 Bf6 32. Nc5 Ned6 33. Rg3+ Kh8 34. Rg2
Bh4 35. Bg3 Rg8 36. Bf3 Bxg3 37. hxg3 Qf7 38. Qd3 Ne4 39. Bxe4 Qh5+ 40. Kg1
fxe4 41. Qe2 Qxe2 42. Rxe2 Rxg3+ 43. Kf2 Rf3+ 44. Ke1 Rxe3 45. Rxe3 Nxe3 46.
Kf2 Nc2 47. Nxe6 h5 48. f5 h4 49. f6 Kg8 50. Nf4 Nxd4 51. Nxd5 Nf5 52. Nf4 Kf7
53. Nd5 Ke6 54. Kg2 e3 55. Kf3 Kf7 56. Nf4 Kxf6 0-1

[Event "SR 3. liga A2 2015/2016"]
[Site "?"]
[Date "2015.11.29"]
[Round "4.1"]
[White "Rachela, Jozef"]
[Black "Bisco, Igor"]
[Result "0-1"]
[WhiteElo "2037"]
[BlackElo "2086"]
[PlyCount "72"]
[EventDate "2016.??.??"]

1. d4 Nf6 2. Nf3 g6 3. c4 Bg7 4. Nc3 O-O 5. e4 d6 6. Bg5 h6 7. Bf4 c5 8. dxc5
dxc5 9. Qc2 Nc6 10. Be2 Nh5 11. Bd2 Nd4 12. Nxd4 cxd4 13. Nd5 e6 14. Nb4 f5 15.
Bxh5 gxh5 16. exf5 Rxf5 17. O-O Bd7 18. Rae1 Qf6 19. Qe4 Rf8 20. Re2 a5 21. Nd3
e5 22. Qd5+ Be6 23. Qxb7 Bxc4 24. Qe4 Qa6 25. Nc1 Bxe2 26. Nxe2 h4 27. h3 Qf6
28. f3 Qb6 29. Rb1 Qd8 30. Rc1 R5f7 31. Rc5 Qb6 32. Rc6 Qxb2 33. Bxh6 Qxa2 34.
Bxg7 Rxg7 35. Qxh4 Qxe2 36. Rh6 Qxg2# 0-1

[Event "SR 3. liga A2 2015/2016"]
[Site "?"]
[Date "2015.11.29"]
[Round "4.1"]
[White "Malar, Pavol"]
[Black "Merva, Frantisek"]
[Result "1/2-1/2"]
[WhiteElo "2062"]
[BlackElo "2045"]
[PlyCount "100"]
[EventDate "2016.??.??"]

1. e4 d5 2. exd5 Qxd5 3. Nc3 Qa5 4. Nf3 c6 5. d4 Nf6 6. Bd2 Qc7 7. Bc4 Bg4 8.
h3 Bh5 9. g4 Bg6 10. Ne5 Nbd7 11. Nxg6 hxg6 12. Qf3 e6 13. O-O-O Nb6 14. Bb3
Bb4 15. a3 Bxc3 16. Bxc3 O-O-O 17. Kb1 g5 18. Bd2 Rxd4 19. Bxg5 Rxd1+ 20. Rxd1
Qe5 21. Bf4 Qe4 22. Qg3 Nbd5 23. Bb8 Rd8 24. f3 Qe2 25. Re1 Qb5 26. g5 Nd7 27.
Bxd5 Nxb8 28. Bb3 g6 29. Qf4 Qa5 30. Re4 Qc7 31. Qf6 Na6 32. Rf4 Rd7 33. Rh4
Qd6 34. Rh8+ Kc7 35. Rh7 Qe7 36. Qe5+ Qd6 37. Qa5+ Kc8 38. Bc4 Qc7 39. Rh8+ Rd8
40. Rxd8+ Kxd8 41. Qd2+ Qd7 42. Qxd7+ Kxd7 43. Bxa6 bxa6 44. Kc1 Kd6 45. Kd2
Ke5 46. Ke3 Kf5 47. h4 Ke5 48. b4 a5 49. bxa5 a6 50. f4+ Kf5 1/2-1/2

[Event "SR 3. liga A2 2015/2016"]
[Site "?"]
[Date "2015.11.29"]
[Round "4.1"]
[White "Kalmar, Tamas"]
[Black "Lahucky, Pavol"]
[Result "1/2-1/2"]
[WhiteElo "2025"]
[BlackElo "2066"]
[PlyCount "68"]
[EventDate "2016.??.??"]

1. d4 d5 2. c4 c6 3. Nc3 Nf6 4. e3 g6 5. Nf3 Bg7 6. Bd3 O-O 7. O-O Bg4 8. h3
Bxf3 9. Qxf3 e6 10. Rd1 Nbd7 11. Qe2 Nb6 12. b3 Re8 13. Bb2 Nfd7 14. cxd5 exd5
15. Qd2 f5 16. Re1 Nf6 17. f4 Nc8 18. Ba3 Nd6 19. Bxd6 Qxd6 20. Rac1 Re7 21.
Kf2 Rae8 22. g3 Kf7 23. Nd1 h5 24. Kf3 Nd7 25. Nc3 Qb4 26. Re2 Nf6 27. Nb1 Qxd2
28. Nxd2 Nd7 29. b4 a6 30. Nb3 Nf8 31. Nc5 Ne6 32. h4 Nxc5 33. bxc5 Bf6 34. Rb1
Rc7 1/2-1/2

[Event "SR 3. liga A2 2015/2016"]
[Site "?"]
[Date "2015.11.29"]
[Round "4.1"]
[White "Skocik, Jozef"]
[Black "Matis, Tibor ml"]
[Result "1-0"]
[WhiteElo "1928"]
[BlackElo "1717"]
[PlyCount "67"]
[EventDate "2016.??.??"]

1. e4 c5 2. Nf3 e6 3. d4 cxd4 4. Nxd4 Nc6 5. Be3 Nf6 6. Nd2 a6 7. Be2 d5 8.
exd5 Nxd5 9. Nxc6 bxc6 10. Nc4 Qc7 11. Bg5 Be7 12. Bxe7 Kxe7 13. Qd4 Bb7 14.
O-O-O Qf4+ 15. Qxf4 Nxf4 16. Bf3 Nd5 17. Na5 Rab8 18. c4 Nb6 19. Bxc6 Ba8 20.
Rd4 Rhc8 21. Bxa8 Rxa8 22. Rhd1 Rc5 23. b4 Rc7 24. Kb2 Rb8 25. a3 Rbc8 26. c5
Nd5 27. Re1 Nf6 28. Rd6 Ra8 29. h3 h6 30. f4 Nd7 31. f5 e5 32. Nc6+ Kf8 33.
Nxe5 Nxc5 34. bxc5 1-0

[Event "SR 3. liga A2 2015/2016"]
[Site "?"]
[Date "2015.11.29"]
[Round "4.1"]
[White "Bugar, Peter"]
[Black "Gajarsky, Roman"]
[Result "0-1"]
[WhiteElo "1672"]
[BlackElo "1734"]
[PlyCount "76"]
[EventDate "2016.??.??"]

1. d4 d5 2. c4 e6 3. Nc3 Nf6 4. Bg5 Be7 5. e3 Nbd7 6. Nf3 c6 7. cxd5 Nxd5 8.
Bxe7 Qxe7 9. Nxd5 exd5 10. g3 Qb4+ 11. Qd2 Qxd2+ 12. Nxd2 Nf6 13. Bg2 Bf5 14.
O-O O-O 15. Rfc1 Rac8 16. b4 Rfe8 17. Nb3 Ne4 18. Bxe4 Rxe4 19. Na5 Rb8 20. a4
h5 21. Ra3 Re6 22. Rb3 Be4 23. b5 cxb5 24. Rxb5 h4 25. Rxb7 Rxb7 26. Nxb7 h3
27. Nc5 Rb6 28. Nxe4 dxe4 29. d5 Kf8 30. Rd1 Ke7 31. Kf1 Kd6 32. Ke1 Rb2 33.
Rd2 Rb1+ 34. Ke2 Rh1 35. Rd1 Rxd1 36. Kxd1 Kxd5 37. Kc2 Kc4 38. a5 a6 0-1

[Event "SR 3. liga A2 2015/2016"]
[Site "?"]
[Date "2015.11.29"]
[Round "4.1"]
[White "Barca, Michal"]
[Black "Mezes, Kristof"]
[Result "1-0"]
[WhiteElo "1837"]
[BlackElo "1484"]
[PlyCount "67"]
[EventDate "2016.??.??"]

1. c4 e6 2. Nc3 d5 3. cxd5 exd5 4. d4 Nf6 5. g3 Bd6 6. Bg5 Be6 7. Bg2 Nbd7 8.
Nxd5 O-O 9. Nxf6+ Nxf6 10. Nf3 h6 11. Bd2 Qd7 12. O-O Bh3 13. Re1 Bxg2 14. Kxg2
Rfe8 15. Bc3 Ne4 16. Qb3 Nxc3 17. bxc3 Qc6 18. a4 Re7 19. d5 Qa6 20. Qb5 Qxb5
21. axb5 Bc5 22. Nd2 Rae8 23. Nb3 Bb6 24. e3 Re4 25. Rec1 Ra8 26. c4 a6 27.
bxa6 Rxa6 28. Rxa6 bxa6 29. c5 Ba7 30. Na5 Re5 31. Nc6 Rxd5 32. Ne7+ Kf8 33.
Nxd5 c6 34. Nb4 1-0

[Event "SR 3. liga A2 2015/2016"]
[Site "?"]
[Date "2015.11.29"]
[Round "4.1"]
[White "Raso, Filip"]
[Black "Tupy, Bystrik"]
[Result "0-1"]
[WhiteElo "1513"]
[BlackElo "1751"]
[PlyCount "80"]
[EventDate "2016.??.??"]

1. e4 e5 2. Nf3 Nc6 3. Nc3 Nf6 4. Bc4 Bc5 5. O-O O-O 6. d3 h6 7. h3 d6 8. Nd5
Be6 9. Nxf6+ Qxf6 10. Bxe6 fxe6 11. Bd2 Nd4 12. Nxd4 Bxd4 13. c3 Bxf2+ 14. Kh1
Qh4 15. Be1 Bxe1 16. Qxe1 Qxe1 17. Rfxe1 Rf2 18. b4 Raf8 19. Kg1 Rc2 20. Rec1
Rff2 21. a4 Rxg2+ 22. Kh1 Rh2+ 23. Kg1 Rcg2+ 24. Kf1 Rd2 25. Kg1 Rxh3 26. Rd1
Rdxd3 27. Rxd3 Rxd3 28. Rc1 Re3 29. Kf2 Rxe4 30. Kf3 Rf4+ 31. Kg3 Kf7 32. Rh1
Kf6 33. a5 d5 34. Re1 g5 35. Kh3 Rf3+ 36. Kg4 Rxc3 37. Rf1+ Kg6 38. Rh1 h5+ 39.
Rxh5 Rc4+ 40. Kg3 Kxh5 0-1

[Event "SR 3. liga A2 2015/2016"]
[Site "?"]
[Date "2015.11.29"]
[Round "4.2"]
[White "Jozefek, Michal"]
[Black "Sturdik, Igor"]
[Result "0-1"]
[WhiteElo "2213"]
[BlackElo "1985"]
[PlyCount "72"]
[EventDate "2016.??.??"]

1. d4 Nf6 2. c4 c5 3. d5 e6 4. Nc3 exd5 5. cxd5 d6 6. e4 g6 7. f4 Bg7 8. Bb5+
Nfd7 9. a4 Na6 10. Nf3 Nb4 11. O-O a6 12. Bd3 O-O 13. h3 Re8 14. Re1 b6 15. Be3
Bb7 16. g4 Rc8 17. Ra3 Nxd3 18. Qxd3 c4 19. Qc2 Nc5 20. Bd4 Nd3 21. Rf1 Nxf4
22. Qd2 Bxd4+ 23. Nxd4 Nxh3+ 24. Kh2 Ng5 25. Nc6 Bxc6 26. dxc6 Nxe4 27. Nxe4
Rxe4 28. Rh3 Qf8 29. Qd5 Rxg4 30. Rxh7 Rc7 31. Rh3 Qg7 32. Qd2 Rxc6 33. Re1 Rc8
34. Re7 Qf6 35. Qe1 Qxb2+ 36. Re2 Re4 0-1

[Event "SR 3. liga A2 2015/2016"]
[Site "?"]
[Date "2015.11.29"]
[Round "4.2"]
[White "Puskar, Peter"]
[Black "Stanec, Stanislav"]
[Result "1-0"]
[WhiteElo "2124"]
[BlackElo "2158"]
[PlyCount "103"]
[EventDate "2016.??.??"]

1. d4 Nf6 2. Nf3 g6 3. g3 Bg7 4. Bg2 O-O 5. O-O d6 6. c4 Nbd7 7. Nc3 c6 8. e4
e5 9. h3 Re8 10. Re1 Qc7 11. Be3 b6 12. Rc1 Bb7 13. d5 Nc5 14. Qc2 a5 15. a3
cxd5 16. Nxd5 Nxd5 17. cxd5 a4 18. Nd2 Ba6 19. Bxc5 bxc5 20. Qxa4 Bh6 21. Qc2
Qa5 22. Rcd1 Rab8 23. Bf1 Bxf1 24. Nxf1 Rb7 25. Ne3 Bxe3 26. Rxe3 Reb8 27. Rb1
Rb5 28. Rc3 Kg7 29. Kg2 R8b6 30. f4 exf4 31. gxf4 Qa8 32. b4 cxb4 33. a4 Rc5
34. Rxc5 dxc5 35. Qxc5 Qxa4 36. Rb2 Qa3 37. Qd4+ Kh6 38. f5 f6 39. fxg6 hxg6
40. e5 fxe5 41. Qxe5 Qa8 42. Qe3+ Kh7 43. Qxb6 Qxd5+ 44. Kg1 Qg5+ 45. Rg2 Qc1+
46. Kh2 Qf4+ 47. Kh1 Qe4 48. Qc7+ Kh6 49. Qg3 Qb1+ 50. Kh2 b3 51. Re2 Qf1 52.
Qf2 1-0

[Event "SR 3. liga A2 2015/2016"]
[Site "?"]
[Date "2015.11.29"]
[Round "4.2"]
[White "Vepy, Ivan"]
[Black "Bukovsky, Milan"]
[Result "0-1"]
[WhiteElo "1936"]
[BlackElo "1964"]
[PlyCount "90"]
[EventDate "2016.??.??"]

1. e4 e5 2. Bc4 Nf6 3. d3 c6 4. a3 Be7 5. Bg5 O-O 6. Nc3 d6 7. Qe2 Be6 8. Ba2
Nbd7 9. f4 Bxa2 10. fxe5 Nxe5 11. Rxa2 Qd7 12. h3 Rae8 13. Nf3 Nxf3+ 14. Qxf3
h6 15. Bh4 Nxe4 16. dxe4 Bxh4+ 17. g3 Bf6 18. O-O Bxc3 19. bxc3 Qxh3 20. Rb2 b6
21. Rbb1 Re6 22. Rbe1 Rg6 23. Re3 Rf6 24. Qg2 Qxg2+ 25. Kxg2 Rxf1 26. Kxf1 Re8
27. Ke2 Kh7 28. Kf3 Kg6 29. Kf4 h5 30. Rd3 Re6 31. c4 Kf6 32. Rf3 Re5 33. Ke3+
Ke6 34. Kd4 f5 35. exf5+ Rxf5 36. Re3+ Re5 37. Rf3 Rg5 38. Ke4 Rg4+ 39. Kd3 g5
40. a4 h4 41. gxh4 gxh4 42. Rf8 Ke5 43. Re8+ Kf4 44. Ke2 Kg3 45. Re3+ Kg2 0-1

[Event "SR 3. liga A2 2015/2016"]
[Site "?"]
[Date "2015.11.29"]
[Round "4.2"]
[White "Bahna, Jan"]
[Black "Harastova, Viera"]
[Result "0-1"]
[WhiteElo "1911"]
[BlackElo "1874"]
[PlyCount "68"]
[EventDate "2016.??.??"]

1. e4 e5 2. Nf3 Nc6 3. Bb5 a6 4. Ba4 Nf6 5. O-O d6 6. Re1 Be7 7. c3 O-O 8. h3
b5 9. Bc2 Bb7 10. d3 Re8 11. Nbd2 Bf8 12. Nf1 g6 13. Ng3 Bg7 14. a4 Nd7 15. Be3
Ne7 16. Qd2 Rf8 17. Bh6 Kh8 18. h4 f5 19. Bxg7+ Kxg7 20. Ng5 Rf6 21. exf5 Nxf5
22. Nxf5+ gxf5 23. d4 h6 24. Bxf5 hxg5 25. Qxg5+ Kf7 26. Qh5+ Ke7 27. Bxd7 Kxd7
28. dxe5 Qg8 29. f3 Rxf3 30. e6+ Ke7 31. Qg5+ Qxg5 32. hxg5 Rg3 33. Re2 Rxg5
34. Rf1 Rg7 0-1